[Event "Santo Antonio de Jesus Bahia op"]
[Site "Santo Antonio de Jesus"]
[Date "2022.07.08"]
[Round "2"]
[White "Costa, Ricardo Santos"]
[Black "Barata, Adriano Albiani"]
[Result "0-1"]
[WhiteElo "1738"]
[BlackElo "2144"]
[PlyCount "80"]
[EventDate "2022.07.07"]
[EventType "swiss"]
[EventRounds "6"]
[EventCountry "BRA"]
[SourceTitle "CBM 209 Extra"]
[Source "ChessBase"]
[SourceDate "2022.09.30"]
[SourceVersion "1"]
[SourceVersionDate "2022.09.30"]
[SourceQuality "1"]

1. c4 c5 2. Nf3 g6 3. g3 Bg7 4. Bg2 Nc6 5. 0-0 e6 6. Nc3 Nge7 7. d3 0-0 8. Bd2 d5 9. cxd5 exd5 10. Rc1 b6 11. b3 Bb7 12. a3 Qd7 13. Re1 d4 14. Na4 Nd5 15. Nb2 Rfe8 16. Rc2 Nc3 17. Bxc3 dxc3 18. Nc4 b5 19. Ne3 Nd4 20. Nxd4 cxd4 21. Bxb7 Qxb7 22. Ng2 b4 23. a4 Qd5 24. Rc1 Bh6 25. e4 dxe3 26. Nxe3 Bxe3 27. Rxe3 Rxe3 28. fxe3 Re8 29. Kf2 Re6 30. e4 Qd4+ 31. Kg2 Qe3 32. Qc2 Rd6 33. Rd1 Rd4 34. Kf1 Qf3+ 35. Kg1 a5 36. Qb1 Qe2 37. Qc1 Rxd3 38. Re1 Qd2 39. e5 Qxc1 40. Rxc1 Rd2 0-1

[Event "Santo Antonio"]
[Site "Santo Antonio"]
[Date "2022.07.06"]
[Round "8"]
[White "Barata, Adriano Albiani"]
[Black "Rodi, Luis Ernesto"]
[Result "0-1"]
[WhiteElo "2144"]
[BlackElo "2330"]
[PlyCount "58"]
[EventDate "2022.07.02"]
[EventType "tourn"]
[EventRounds "9"]
[EventCountry "BRA"]
[EventCategory "2"]
[SourceTitle "EXT 2023"]
[Source "ChessBase"]
[SourceDate "2022.10.05"]
[SourceVersion "1"]
[SourceVersionDate "2022.10.05"]
[SourceQuality "1"]

1. e4 e5 2. Nf3 Nc6 3. Bc4 Bc5 4. c3 Nf6 5. d3 d6 6. b4 Bb6 7. a4 a6 8. Nbd2 h6 9. 0-0 0-0 10. Re1 Nh5 11. Nf1 Be6 12. Bxe6 fxe6 13. Be3 Bxe3 14. Rxe3 Nf4 15. g3 Nh3+ 16. Kg2 Ng5 17. h4 Nh7 18. N1h2 Qf6 19. Ra2 Qg6 20. Qb3 Rae8 21. b5 axb5 22. axb5 Nd8 23. d4 exd4 24. Nxd4 Nf6 25. e5 Nd5 26. Rf3 dxe5 27. Rxf8+ Rxf8 28. Ndf3 Nf4+ 29. Kh1 Nd3 0-1

[Event "Santo Antonio"]
[Site "Santo Antonio"]
[Date "2022.07.02"]
[Round "3"]
[White "Alboredo, Julia"]
[Black "Barata, Adriano Albiani"]
[Result "1-0"]
[WhiteElo "2264"]
[BlackElo "2144"]
[PlyCount "46"]
[EventDate "2022.07.02"]
[EventType "tourn"]
[EventRounds "9"]
[EventCountry "BRA"]
[EventCategory "2"]
[SourceTitle "EXT 2023"]
[Source "ChessBase"]
[SourceDate "2022.10.05"]
[SourceVersion "1"]
[SourceVersionDate "2022.10.05"]
[SourceQuality "1"]

1. d4 Nf6 2. c4 c5 3. d5 e6 4. Nc3 d6 5. e4 exd5 6. cxd5 g6 7. Be2 Bg7 8. h3 0-0 9. Nf3 b5 10. Bxb5 Nxe4 11. Nxe4 Qa5+ 12. Nfd2 Qxb5 13. Nxd6 Qa6 14. N2c4 Bd7 15. 0-0 Ba4 16. Qf3 Nd7 17. Bg5 f6 18. Bf4 Ne5 19. Qc3 Rfd8 20. b3 Rxd6 21. Nxd6 Qxd6 22. bxa4 Qxd5 23. Rfd1 Qc6 1-0

[Event "Rio de Janeiro Duchamp op 2nd"]
[Site "Rio de Janeiro"]
[Date "2018.11.17"]
[Round "5"]
[White "Reis, Virginia Lagrange M"]
[Black "Barata, Adriano Albiani"]
[Result "0-1"]
[WhiteElo "1750"]
[BlackElo "2151"]
[PlyCount "58"]
[EventDate "2018.11.14"]
[EventType "swiss"]
[EventRounds "9"]
[EventCountry "BRA"]
[SourceTitle "CBM 187 Extra"]
[Source "ChessBase"]
[SourceDate "2018.11.04"]
[SourceVersion "1"]
[SourceVersionDate "2018.11.04"]
[SourceQuality "1"]

1. e4 c5 2. Nf3 d6 3. d4 cxd4 4. Nxd4 Nf6 5. f3 g6 6. c4 Bg7 7. Be3 0-0 8. Nc3 Nc6 9. Nc2 Bd7 10. Rc1 a6 11. Qd2 Rc8 12. Be2 Ne5 13. b3 b5 14. cxb5 Rxc3 15. Qxc3 Nxe4 16. Qb4 Nd3+ 17. Bxd3 Bc3+ 18. Ke2 Bxb4 19. Nxb4 Nc5 20. bxa6 Nxd3 21. Nxd3 Qa5 22. Rc2 Qxa6 23. Rhc1 Bb5 24. Rd1 Rc8 25. Rxc8+ Qxc8 26. Rd2 Qc3 27. Bh6 f5 28. Be3 e5 29. a4 Ba6 0-1

[Event "Recife Regiao op"]
[Site "Recife"]
[Date "2014.11.02"]
[Round "7"]
[White "Martins, Vinicius Tine"]
[Black "Barata, Adriano Albiani"]
[Result "1-0"]
[WhiteElo "2326"]
[BlackElo "2171"]
[PlyCount "109"]
[EventDate "2014.10.30"]
[EventType "swiss"]
[EventRounds "7"]
[EventCountry "BRA"]
[SourceTitle "EXT 2015"]
[Source "ChessBase"]
[SourceDate "2014.11.20"]
[SourceVersion "1"]
[SourceVersionDate "2014.11.20"]
[SourceQuality "1"]

1. e4 c5 2. Nf3 d6 3. Bb5+ Nd7 4. c3 a6 5. Ba4 Ngf6 6. d3 g6 7. Bb3 h6 8. 0-0 Bg7 9. a4 0-0 10. Nbd2 b6 11. Qe2 Bb7 12. Nh4 Kh7 13. f4 e5 14. fxe5 Nxe5 15. Nhf3 Qc7 16. Nxe5 dxe5 17. Nc4 Rad8 18. Be3 Bc8 19. Na3 Be6 20. Bxe6 fxe6 21. Rf3 Nh5 22. Rxf8 Rxf8 23. g3 Qd7 24. a5 b5 25. Bxc5 Rd8 26. Rd1 Bf8 27. Bxf8 Rxf8 28. Nc2 Qc7 29. Ra1 Nf6 30. Ne3 Nd7 31. Rf1 Qxa5 32. Rxf8 Nxf8 33. Qf2 Kg7 34. Ng4 Nd7 35. Qa7 Qb6+ 36. Qxb6 Nxb6 37. b4 Nd7 38. c4 h5 39. Ne3 Kf7 40. Kf2 Ke7 41. Ke2 Nb8 42. Kd2 Nc6 43. Nc2 Kd7 44. Kc3 Na7 45. Na1 Kc6 46. Nb3 bxc4 47. dxc4 Nc8 48. Na5+ Kb6 49. c5+ Kb5 50. Nc4 Ne7 51. Nxe5 a5 52. bxa5 Kxc5 53. a6 Kb6 54. Kd4 Kxa6 55. Kc5 1-0

[Event "Recife Regiao op"]
[Site "Recife"]
[Date "2014.11.01"]
[Round "5"]
[White "Alves Campelo, Danilo Cesar De"]
[Black "Barata, Adriano Albiani"]
[Result "0-1"]
[WhiteElo "1973"]
[BlackElo "2171"]
[PlyCount "110"]
[EventDate "2014.10.30"]
[EventType "swiss"]
[EventRounds "7"]
[EventCountry "BRA"]
[SourceTitle "EXT 2015"]
[Source "ChessBase"]
[SourceDate "2014.11.20"]
[SourceVersion "1"]
[SourceVersionDate "2014.11.20"]
[SourceQuality "1"]

1. e4 c5 2. Nf3 a6 3. Nc3 e6 4. d4 cxd4 5. Nxd4 Qc7 6. Bd3 Nf6 7. f4 d6 8. 0-0 Nc6 9. Nxc6 bxc6 10. Kh1 Be7 11. Qe2 e5 12. fxe5 dxe5 13. b3 0-0 14. Nd1 Nd7 15. Ne3 Nc5 16. Nf5 Nxd3 17. Qxd3 Bxf5 18. Rxf5 f6 19. Rf1 Kh8 20. Be3 Rfd8 21. Qe2 Qa5 22. Qc4 c5 23. Rfd1 Qb4 24. Qe6 Bf8 25. c4 Qc3 26. Bg1 Qc2 27. Rd5 Qxe4 28. Rad1 Re8 29. Qb6 Be7 30. Bxc5 Bxc5 31. Qxc5 Qc2 32. Qc6 h6 33. R5d2 Qc3 34. Qe4 a5 35. h3 Qb4 36. Rd7 Qf8 37. Qb7 Rad8 38. c5 Rxd7 39. Rxd7 e4 40. Rf7 Qg8 41. Kg1 e3 42. Kf1 e2+ 43. Ke1 Qh7 44. Re7 Qb1+ 45. Kxe2 Qc2+ 46. Kf1 Qc1+ 47. Ke2 Rd8 48. Rd7 Qc2+ 49. Ke1 Qc1+ 50. Ke2 Qc2+ 51. Ke1 Qc3+ 52. Ke2 Qe5+ 53. Kd2 Re8 54. Rxg7 Qd4+ 55. Kc1 Re1+ 0-1

[Event "Recife Regiao op"]
[Site "Recife"]
[Date "2014.11.01"]
[Round "6"]
[White "Barata, Adriano Albiani"]
[Black "Dos Anjos, Avner Augusto"]
[Result "1-0"]
[WhiteElo "2171"]
[BlackElo "1914"]
[PlyCount "53"]
[EventDate "2014.10.30"]
[EventType "swiss"]
[EventRounds "7"]
[EventCountry "BRA"]
[SourceTitle "EXT 2015"]
[Source "ChessBase"]
[SourceDate "2014.11.20"]
[SourceVersion "1"]
[SourceVersionDate "2014.11.20"]
[SourceQuality "1"]

1. e4 c5 2. Nf3 d6 3. d4 cxd4 4. Nxd4 Nf6 5. Nc3 g6 6. Be2 Bg7 7. 0-0 0-0 8. Bg5 Nc6 9. Nb3 Be6 10. Re1 Rc8 11. Bf1 a6 12. Qd2 Re8 13. Nd5 Nd7 14. c3 Nce5 15. Nd4 Nc5 16. f3 f6 17. Bh6 Bf7 18. Bxg7 Kxg7 19. c4 e6 20. Ne3 Nc6 21. Rad1 Qb6 22. b3 Red8 23. Kh1 Nxd4 24. Qxd4 a5 25. Ng4 e5 26. Qd2 h5 27. Qh6+ 1-0

[Event "American Continental 10th"]
[Site "Praia da Pipa"]
[Date "2014.10.26"]
[Round "11"]
[White "Luz, Arthur Nader"]
[Black "Barata, Adriano Albiani"]
[Result "0-1"]
[WhiteElo "1885"]
[BlackElo "2171"]
[PlyCount "80"]
[EventDate "2014.10.18"]
[EventType "swiss"]
[EventRounds "11"]
[EventCountry "BRA"]
[SourceTitle "EXT 2015"]
[Source "ChessBase"]
[SourceDate "2014.11.20"]
[SourceVersion "1"]
[SourceVersionDate "2014.11.20"]
[SourceQuality "1"]

1. d4 Nf6 2. c4 c5 3. d5 b5 4. Nf3 b4 5. a3 bxa3 6. Rxa3 d6 7. Nc3 g6 8. e4 Nbd7 9. Be2 Bg7 10. 0-0 0-0 11. Bd2 a6 12. Qc2 Rb8 13. Ne1 e5 14. f4 exf4 15. Bxf4 Qe7 16. Bf3 Ne5 17. Nd1 Nxf3+ 18. gxf3 Nh5 19. Bd2 f5 20. Bc3 Nf4 21. Nf2 Bd4 22. Kh1 Qg5 23. Bxd4 cxd4 24. Rg1 Qh5 25. Qd2 fxe4 26. Qxd4 Ne2 27. Qxe4 Nxg1 28. Kxg1 Rxb2 29. Qe7 Qh6 30. Qxd6 Qd2 31. Ned3 Rxf3 32. Qd8+ Rf8 33. Qh4 Rb1+ 34. Kg2 Qe2 35. Qe4 Qf1+ 36. Kg3 Bf5 37. Qg2 Bxd3 38. Nxd3 Qf5 39. Nf2 Qf4+ 40. Kh3 Qxf2 0-1

[Event "Cuiaba Contaud op"]
[Site "Cuiaba"]
[Date "2014.05.02"]
[Round "2"]
[White "Barata, Adriano Albiani"]
[Black "Mekhitarian, Krikor Sevag"]
[Result "0-1"]
[WhiteElo "2157"]
[BlackElo "2562"]
[PlyCount "48"]
[EventDate "2014.05.01"]
[EventType "swiss"]
[EventRounds "6"]
[EventCountry "BRA"]
[SourceTitle "CBM 160 Extra"]
[Source "ChessBase"]
[SourceDate "2014.07.01"]
[SourceVersion "1"]
[SourceVersionDate "2014.07.01"]
[SourceQuality "1"]

1. Nf3 c5 2. c4 Nc6 3. g3 g6 4. Bg2 Bg7 5. 0-0 d6 6. Nc3 Bf5 7. d3 Qd7 8. Qb3 Rb8 9. Re1 Bh3 10. Bh1 h5 11. Nd5 h4 12. Bg5 hxg3 13. fxg3 Nh6 14. Bxh6 Rxh6 15. e3 Kf8 16. Qc2 b5 17. cxb5 Rxb5 18. Nc3 Rb8 19. Rab1 Bf5 20. Ne4 c4 21. a3 cxd3 22. Qxd3 d5 23. Nc5 Qd6 24. Qa6 Bxb1 0-1

[Event "Cuiaba Contaud op"]
[Site "Cuiaba"]
[Date "2014.05.01"]
[Round "1"]
[White "Sampaio Filho, Joao Rodrigues"]
[Black "Barata, Adriano Albiani"]
[Result "0-1"]
[WhiteElo "1761"]
[BlackElo "2157"]
[PlyCount "38"]
[EventDate "2014.05.01"]
[EventType "swiss"]
[EventRounds "6"]
[EventCountry "BRA"]
[SourceTitle "CBM 160 Extra"]
[Source "ChessBase"]
[SourceDate "2014.07.01"]
[SourceVersion "1"]
[SourceVersionDate "2014.07.01"]
[SourceQuality "1"]

1. e4 c5 2. Nf3 a6 3. d4 cxd4 4. Nxd4 Nf6 5. Nc3 e5 6. Nf3 Bb4 7. Qd3 d5 8. Bd2 d4 9. Ne2 Bxd2+ 10. Nxd2 Nc6 11. g3 Be6 12. a3 Qa5 13. Rc1 Nd7 14. c3 Nc5 15. Qb1 Nb3 16. Nxb3 Bxb3 17. Qd3 Rd8 18. Bg2 b5 19. 0-0 Bc4 0-1

[Event "Sao Paulo op-A U2300"]
[Site "Sao Paulo"]
[Date "2014.04.05"]
[Round "3"]
[White "Barata, Adriano Albiani"]
[Black "Gazola, Vanessa Ramos"]
[Result "1-0"]
[WhiteElo "2159"]
[BlackElo "1965"]
[PlyCount "55"]
[EventDate "2014.04.03"]
[EventType "swiss"]
[EventRounds "6"]
[EventCountry "BRA"]
[SourceTitle "CBM 159 Extra"]
[Source "ChessBase"]
[SourceDate "2014.04.24"]
[SourceVersion "1"]
[SourceVersionDate "2014.04.24"]
[SourceQuality "1"]

1. Nf3 d5 2. g3 Nf6 3. Bg2 e6 4. 0-0 Be7 5. d3 0-0 6. Nbd2 c5 7. e4 Nc6 8. Re1 b6 9. e5 Nd7 10. h4 Qc7 11. Qe2 Ba6 12. Nf1 Rac8 13. Bf4 c4 14. d4 Nb4 15. Qd1 c3 16. b3 Nc6 17. Ne3 Ba3 18. Bh3 Nb4 19. Ng5 Rfe8 20. Qh5 Nf8 21. Rad1 Qe7 22. Kg2 Bd3 23. cxd3 c2 24. Nxc2 Rxc2 25. Nf3 Rxa2 26. Bg5 Qc7 27. Bf6 Nd7 28. Qg5 1-0